Cómo abordar los problemas ambientales y sociales desde el aula / (Record no. 8838)

MARC details
000 -CABECERA
campo de control de longitud fija 00955nam a2200241 a 4500
005 - FECHA Y HORA DE LA ÚLTIMA TRANSACCIÓN
campo de control 20240919064502.0
008 - ELEMENTOS DE LONGITUD FIJA--INFORMACIÓN GENERAL
campo de control de longitud fija 991125s1997 es 000 0 spa u
020 ## - NÚMERO INTERNACIONAL NORMALIZADO PARA LIBROS
Número Internacional Estándar del Libro 8476425066
035 ## - NÚMERO DE CONTROL DEL SISTEMA
Número de control de sistema UPN01000008838
049 ## - COLECCIÓN
Colección CG
050 #4 - SIGNATURA TOPOGRÁFICA DE LA BIBLIOTECA DEL CONGRESO
Número de clasificación QH541.2
Número de documento/Ítem C6.9
245 00 - MENCIÓN DE TÍTULO
Título Cómo abordar los problemas ambientales y sociales desde el aula /
Mención de responsabilidad, etc. Pilar Pérez Esteve ... [et al.] ; coord. Xosé Manuel Souto González.
260 ## - PUBLICACIÓN, DISTRIBUCIÓN, ETC.
Lugar de publicación, distribución, etc. Valencia, Esp. :
Nombre del editor, distribuidor, etc. NAU llibres,
Fecha de publicación, distribución, etc. 1997.
300 ## - DESCRIPCIÓN FÍSICA
Extensión 90 p.
440 #0 - MENCIÓN DE SERIE/ASIENTO SECUNDARIO--TÍTULO
Título GEA-CLIO
500 ## - NOTA GENERAL
Nota general "Proyecto GEA-CLIO conocimiento del medio (Primaria) -- Ciencias sociales, Geografía e Historia (Secundaria obligatoria)"
650 #4 - ASIENTO SECUNDARIO DE MATERIA - TERMINO TEMATICO
Término de materia o nombre geográfico como elemento de entrada Ciencias sociales
Subdivisión general Estudio y enseñanza (Elemental)
9 (RLIN) 2813
650 #7 - ASIENTO SECUNDARIO DE MATERIA - TERMINO TEMATICO
Término de materia o nombre geográfico como elemento de entrada Ciencias sociales
Subdivisión general Estudio y enseñanza (Secundaria)
Fuente del encabezamiento o término
9 (RLIN) 8320
650 #4 - ASIENTO SECUNDARIO DE MATERIA - TERMINO TEMATICO
Término de materia o nombre geográfico como elemento de entrada Educación ambiental
9 (RLIN) 4338
700 1# - ASIENTO SECUNDARIO--NOMBRE DE PERSONAL
Nombre de persona Pérez Esteve, Pilar,
Término indicativo de función/relación coaut.
700 1# - ASIENTO SECUNDARIO--NOMBRE DE PERSONAL
Nombre de persona Souto González, Xosé Manuel,
Término indicativo de función/relación coord.
905 ## - TIPO DE MATERIAL
Tipo de material Libro
Holdings
Estado de retiro Estado de pérdida Fuente del sistema de clasificación o colocación Estado dañado No para préstamo Código de colección Localización permanente Ubicación/localización actual Ubicación en estantería Total de préstamos Clasificación Código de barras Fecha visto por última vez Número de copia Tipo de ítem Koha Fecha de adquisición Fecha del último préstamo
    Library of Congress Classification     Colección General Bib. Gregorio Torres Quintero Bib. Gregorio Torres Quintero Planta baja 9 QH541.2 C6.9 206745 31/12/2020 1 Libro    
    Library of Congress Classification     Colección General Bib. Gregorio Torres Quintero Bib. Gregorio Torres Quintero Planta baja 4 QH541.2 C6.9 160294 31/12/2020 1 Libro    
    Library of Congress Classification     Colección General Bib. Gregorio Torres Quintero Bib. Gregorio Torres Quintero Planta baja 1 QH541.2 C6.9 160293 31/12/2020 1 Libro 09/05/2023  
    Library of Congress Classification     Colección General Bib. Gregorio Torres Quintero Bib. Gregorio Torres Quintero Planta baja 10 QH541.2 C6.9 206746 08/11/2024 1 Libro   31/10/2024
    Library of Congress Classification     Colección General Bib. Gregorio Torres Quintero Bib. Gregorio Torres Quintero Planta baja 6 QH541.2 C6.9 210838 31/12/2020 1 Libro    
    Library of Congress Classification     Colección General Bib. Gregorio Torres Quintero Bib. Gregorio Torres Quintero Planta baja 6 QH541.2 C6.9 206747 31/12/2020 1 Libro    
    Library of Congress Classification     Colección General Bib. Gregorio Torres Quintero Bib. Gregorio Torres Quintero Planta baja 5 QH541.2 C6.9 193708 27/02/2023 1 Libro 23/02/2023 23/02/2023
    Library of Congress Classification     Colección General Bib. Gregorio Torres Quintero Bib. Gregorio Torres Quintero Planta baja 2 QH541.2 C6.9 210837 31/12/2020 1 Libro    
    Library of Congress Classification     Colección General Bib. Gregorio Torres Quintero Bib. Gregorio Torres Quintero Planta baja 3 QH541.2 C6.9 210836 31/12/2020 1 Libro